Brad Dourif Filmography - Statistics

General Stats
  • This quiz has been taken 48 times
    8 since last reset
  • The average score is 19 of 177
Answer Stats
Type Year Name % Correct
Film 1998 Bride of Chucky
71%
Film 1988 Child's Play
71%
Film 1991 Child's Play 3
71%
TV Show 2021-2024 Chucky
71%
Film 2017 Cult of Chucky
71%
Film 2004 Seed of Chucky
71%
Film 2003 The Lord of the Rings: The Return of the King
71%
Film 2002 The Lord of the Rings: The Two Towers
71%
Film 1990 Child's Play 2
57%
Film 2013 Curse of Chucky
57%
Film 1975 One Flew Over the Cuckoo's Nest
57%
Film 1990 The Exorcist III
57%
Film 1997 Alien Resurrection
43%
Film 1986 Blue Velvet
43%
TV Show 2004-2006 Deadwood
43%
TV Film 2019 Deadwood: The Movie
43%
Film 2007 Halloween
43%
Film 2009 Halloween II
43%
TV Show 1995 Babylon 5
29%
Film 1984 Dune
29%
Film 1978 Eyes of Laura Mars
29%
Film 1991 Jungle Fever
29%
Film 1988 Mississippi Burning
29%
TV Show 1998 Saturday Night Live
29%
TV Show 1994 The X-Files
29%
Film 1993 Amos & Andrew
14%
Film 1996 A Step Toward Tomorrow
14%
Film 2009 Bad Lieutenant: Port of Call New Orleans
14%
Film 1997 Best Men
14%
Film 2011 Catch .44
14%
Film 1994 Color of Night
14%
TV Show 2012 Criminal Minds
14%
Film 1992 Critters 4
14%
Video Game 2012 Dishonored
14%
TV Film 1995 Escape from Terror: The Teresa Stamper Story
14%
TV Film 1995 Escape to Witch Mountain
14%
Film 1987 Fatal Beauty
14%
TV Show 2011 Fringe
14%
Film 2013 Gingerclown
14%
Film 1990 Graveyard Shift
14%
Film 1977 Group Portrait with a Lady
14%
Video Game 2005 Gun
14%
TV Film 1980 Guyana Tragedy: The Story of Jim Jones
14%
Film 1980 Heaven's Gate
14%
TV Show 2008 Law & Order
14%
TV Show 2010 Law & Order: Special Victims Unit
14%
TV Show 2014 Marvel's Agents of S.H.I.E.L.D.
14%
TV Show 1987 Miami Vice
14%
TV Show 1997 Millennium
14%
TV Show 1986 Moonlighting
14%
Film 1995 Murder in the First
14%
TV Show 1989 Murder, She Wrote
14%
Film 2009 My Son, My Son, What Have Ye Done?
14%
Film 1997 Nightwatch
14%
TV Show 2012, 2014 Once Upon a Time
14%
Film 2011 Priest
14%
TV Show 2011 Psych
14%
Film 1989 Sonny Boy
14%
TV Show 1986 Spenser: For Hire
14%
TV Show 1996 Star Trek: Voyager
14%
Music Video 1984 Stranger in Town
14%
TV Show 1993 Tales from the Crypt
14%
Film 2003 The Box
14%
TV Show 1986 The Equalizer
14%
TV Show 1999 The Hunger
14%
Short Film 2022 The Living
14%
TV Show 1999 The Norm Show
14%
Web Series 2025 The Pitt
14%
Film 2021 The Shuroo Process
14%
Film 2005 The Wild Blue Yonder
14%
Film 1979 Wise Blood
14%
TV Show 2021 WWE Raw
14%
Short Film 2018 American Dream
0%
Short Film 1994 A Worn Path
0%
Film 2012 Black Box
0%
TV Film 1996 Blackout
0%
TV Show 1995 Bless This House
0%
TV Show 2013 Blood and Guts with Scott Ian
0%
Film 2013 Blood Shot
0%
Film 1991 Body Parts
0%
Film 2008 Born of Earth
0%
Film 1998 Brown's Requiem
0%
Film 1991 Chaindance
0%
Film 2010 Chain Letter
0%
Short Film 2004 Chucky's Family Vacation
0%
Film 2018 Cut Off
0%
Film 1999 Cyrpess Edge
0%
Film 2004 Dead Scared
0%
Film 2011 Death and Cremation
0%
Film 1994 Death Machine
0%
TV Film 1989 Desperado: The Outlaw Wars
0%
Music Video 2012 Drinking from the Bottle
0%
Film 2005 Drop Dead Sexy
0%
Film 2004 El Padrino
0%
TV Film 2013 End of the World
0%
Film 2010 Fading of the Cries
0%
Film 1992 Final Judgement
0%
Web Series 2015 F Is for Family
0%
Film 1990 Grim Prairie Tales
0%
Film 1990 Hidden Agenda
0%
Film 1990 Horseplayer
0%
Film 2008 Humboldt County
0%
TV Film 1982 I, Desire
0%
TV Film 1996 If Looks Could Kill
0%
Film 1985 Impure Thoughts
0%
Film 1999 Interceptor Force
0%
Film 1985 Istanbul
0%
Film 1997 Jamaica Beat
0%
Film 2010 Junkyard Dog
0%
TV Film 1982 Kennedy's Children
0%
Film 2012 Last Kind Words
0%
Film 2008 Lock and Roll Forever
0%
Film 1991 London Kills Me
0%
Film 2013 Malignant
0%
TV Show 2010 Medium Rare
0%
TV Film 2011 Miami Magma
0%
TV Film 1996 Midnight Heat
0%
Film 1991 Murder Blues
0%
Video Game 2001 Myst III: Exile
0%
TV Special 2022 NXT Halloween Havoc
0%
Film 2019 Obsession
0%
Short Film 2017 Out to Lunch
0%
Film 1995 Phoenix
0%
Film 1998 Playing Patti
0%
TV Show 2001-2002 Ponderosa
0%
Film 1999 Progeny
0%
Film 2006 Pulse
0%
TV Film 1986 Race of Angels
0%
TV Film 1986 Rage of Angels: The Story Continues
0%
Film 1981 Ragtime
0%
Film 2015 Rosemont
0%
Video Game 2002 Run Like Hell
0%
Short Film 2013 Santa Monica
0%
Film 1991 Scream of Stone
0%
TV Film 1978 Sergeant Matlovich vs. the U.S. Air Force
0%
Film 2000 Shadow Hours
0%
Film 1999 Silicon Towers
0%
Film 2007 Sinner
0%
TV Film 2001 Soulkeeper
0%
Film 1990 Spontaneous Combustion
0%
TV Mini-Series 1979 Studs Lonigan
0%
TV Film 2012 Swamp Volcano
0%
Film 1996 Sworn to Justice
0%
TV Show 1984 Tales of the Unexpected
0%
TV Film 1989 Terror on Highway 91
0%
Film 2008 The Boneyard Collection
0%
Film 2002 The Calling
0%
Film 2014 The Control Group
0%
Short Film 2004 The Devil's Due at Midnight
0%
Film 1999 The Diary of the Hurdy-Gurdy Man
0%
TV Film 1977 The Gardener's Son
0%
Film 2001 The Ghost
0%
Short Film 2005 The Great War of Magellan
0%
TV Show 1987 The Hitchhiker
0%
TV Documentary 1990 The Horror Hall of Fame
0%
Film 2007 The List
0%
TV Show 1999 The Magnificent Seven
0%
TV Film 1976 The Mound Builders
0%
Film 2000 The Prophecy 3: The Ascent
0%
Theater 2013 The Two-Character Play
0%
TV Film 2016 The Wilding
0%
Film 2007 The Wizard of Gore
0%
Film 2008 Touching Home
0%
Film 1993 Trauma
0%
TV Film 2010 Turbulent Skies
0%
Film 1998 Urban Legend
0%
TV Film 1986 Vengeance: The Story of Tony Cimo
0%
TV Show 1977 Visions
0%
Film 2003 Vlad
0%
TV Show 1998 WCW Thunder
0%
Film 2018 Wildling
0%
TV Mini-Series 1993 Wild Palms
0%
TV Show 2012 Wilfred
0%
Film 1975 W.W. and the Dixie Dancekings
0%
TV Show 2021, 2022 WWE NXT
0%
Web Series 2014 Young Like Us
0%
Music Video 2015 Young Women's Blues
0%
No matching quizzes found
Score Distribution
Percent of People with Each Score
Percentile by Number Answered
Your Score History
You have not taken this quiz since the last reset